00385nam a2200121Ia 4500008004100000020001500041110003800056245004500094260004600139300000900185650003100194710003800225201216s9999 xx 000 0 und d a9221017222 aInternational Labour Office (ILO) 0aGrievance arbitration: a practical guide aGenevabInternational Labour Officec1977 a71p. 0aLabor laws and Legislation aInternational Labour Office (ILO)